<?xml version="1.0" encoding="UTF-8"?>
<record
    xmlns:xsi="http://www.w3.org/2001/XMLSchema-instance"
    xsi:schemaLocation="http://www.loc.gov/MARC21/slim http://www.loc.gov/standards/marcxml/schema/MARC21slim.xsd"
    xmlns="http://www.loc.gov/MARC21/slim">

  <leader>01592nam a22002177a 4500</leader>
  <controlfield tag="003">IT-MiCISF</controlfield>
  <controlfield tag="005">20251030120000.0</controlfield>
  <controlfield tag="008">181025b           ||||| |||| 00| 0 eng d</controlfield>
  <datafield tag="040" ind1=" " ind2=" ">
    <subfield code="c">IT-MiCISF</subfield>
  </datafield>
  <datafield tag="041" ind1=" " ind2=" ">
    <subfield code="a">it</subfield>
  </datafield>
  <datafield tag="100" ind1=" " ind2=" ">
    <subfield code="a">Papa Francesco</subfield>
    <subfield code="9">56461</subfield>
  </datafield>
  <datafield tag="245" ind1=" " ind2=" ">
    <subfield code="a">La famiglia genera il mondo.</subfield>
    <subfield code="b">Le catechesi del mercoled&#xEC;</subfield>
  </datafield>
  <datafield tag="260" ind1=" " ind2=" ">
    <subfield code="a">Cinisello B. (MI),</subfield>
    <subfield code="b">San Paolo,</subfield>
    <subfield code="c">2015</subfield>
  </datafield>
  <datafield tag="300" ind1=" " ind2=" ">
    <subfield code="a">pp. 158</subfield>
  </datafield>
  <datafield tag="500" ind1=" " ind2=" ">
    <subfield code="a">catechesi, pastorale-familiare, matrimonio, educazione-religiosa, famiglia</subfield>
  </datafield>
  <datafield tag="501" ind1=" " ind2=" ">
    <subfield code="a">Introduzione di Mons. Paglia Vincenzo</subfield>
  </datafield>
  <datafield tag="520" ind1=" " ind2=" ">
    <subfield code="a">Il Papa, nel corso delle sue catechesi del mercoled&#xEC;, non manca di confrontarsi con il paradosso in cui &#xE8; coinvolta la famiglia oggi. Se da un lato rileva la positivit&#xE0; del percorso che ha condotto la societ&#xE0; a riconoscere la giusta dignit&#xE0; di ogni persona umana, dall'altro non manca di far notare l'oscurarsi del tema dell'alleanza tra l'uomo e la donna, con il rischio che il processo di emancipazione della differenza si trasformi in una crescente tendenza allo svincolamento dalla differenza. Secondo questo orientamento, infatti, la differenza sessuale non offrirebbe pi&#xF9; alcun orientamento determinante per la costruzione dell'identit&#xE0; personale e della relazione sociale. Il Papa non entra nel merito delle questioni poste dall'evoluzione culturale (e anche legislativa) di tale problematica, ma mette sull'avviso circa la sfida che tali questioni pongono al sentimento pi&#xF9; radicato e diffuso dell'esperienza familiare nel mondo.</subfield>
  </datafield>
  <datafield tag="650" ind1=" " ind2=" ">
    <subfield code="a">pastorale-familiare</subfield>
    <subfield code="9">56039</subfield>
  </datafield>
  <datafield tag="654" ind1=" " ind2=" ">
    <subfield code="a">saggio</subfield>
  </datafield>
  <datafield tag="942" ind1=" " ind2=" ">
    <subfield code="2">ddc</subfield>
    <subfield code="c">BK</subfield>
  </datafield>
  <datafield tag="999" ind1=" " ind2=" ">
    <subfield code="c">358041</subfield>
    <subfield code="d">358041</subfield>
  </datafield>
  <datafield tag="952" ind1=" " ind2=" ">
    <subfield code="0">0</subfield>
    <subfield code="1">0</subfield>
    <subfield code="2">ddc</subfield>
    <subfield code="4">0</subfield>
    <subfield code="6">A_2282_000000000000000</subfield>
    <subfield code="7">1</subfield>
    <subfield code="a">CISF</subfield>
    <subfield code="b">CISF</subfield>
    <subfield code="d">2018-10-25</subfield>
    <subfield code="l">0</subfield>
    <subfield code="o">a2282</subfield>
    <subfield code="p">9788821596902</subfield>
    <subfield code="r">2018-10-25 00:00:00</subfield>
    <subfield code="w">2018-10-25</subfield>
    <subfield code="y">BK</subfield>
  </datafield>
</record>
